Chess fundamentals / (Record no. 62527)
[ view plain ]
| 000 -LEADER | |
|---|---|
| fixed length control field | 00617nam a2200217 a 4500 |
| 001 - CONTROL NUMBER | |
| control field | 62527 |
| 003 - CONTROL NUMBER IDENTIFIER | |
| rucl marc code | BD-RjUL |
| 005 - DATE AND TIME OF LATEST TRANSACTION | |
| control field | 20211209081109.0 |
| 008 - FIXED-LENGTH DATA ELEMENTS--GENERAL INFORMATION | |
| fixed length control field | 170124r19511931fr a b 000 0 eng |
| 035 ## - SYSTEM CONTROL NUMBER | |
| System control number | (BD-RjUL) |
| 040 ## - CATALOGING SOURCE | |
| Original cataloging agency | DLC |
| Transcribing agency | DLC |
| Modifying agency | BD-RjUL |
| Language of cataloging | eng |
| 041 ## - LANGUAGE CODE | |
| Language code of text/sound track or separate title | eng |
| 082 00 - DEWEY DECIMAL CLASSIFICATION NUMBER | |
| Classification number | 794.12 |
| Edition number | 23 |
| Author mark and year | CAC 1951 |
| 100 10 - MAIN ENTRY--PERSONAL NAME | |
| Personal name | Capablanca, Jose Raul |
| 9 (RLIN) | 185879 |
| 245 10 - TITLE STATEMENT | |
| Title | Chess fundamentals / |
| Statement of responsibility, etc. | Jose Raul Capablanca |
| 260 ## - PUBLICATION, DISTRIBUTION, ETC. (IMPRINT) | |
| Place of publication, distribution, etc. | London : |
| Name of publisher, distributor, etc. | G. Bell and sons ltd., |
| Date of publication, distribution, etc. | 1931 [reprinted 1951] |
| 300 ## - PHYSICAL DESCRIPTION | |
| Pagination | 184 p. : |
| Illustrations | ill. ; |
| Size | 22 cm. |
| 600 ## - SUBJECT ADDED ENTRY--PERSONAL NAME | |
| Personal name | Capablanca, Jose Raul |
| 650 ## - SUBJECT ADDED ENTRY--TOPICAL TERM | |
| Topical term or geographic name as entry element | Chess |
| 9 (RLIN) | 185880 |
| 942 ## - ADDED ENTRY ELEMENTS (KOHA) | |
| Source of classification or shelving scheme | Dewey Decimal Classification |
| Koha item type | Books |
| Lost status | Source of classification or shelving scheme | Damaged status | Not for loan | Collection code | Permanent Location | Current Location | Shelving location | Date acquired | Source of acquisition | Cost, normal purchase price | Total Checkouts | Full call number | Date last seen | Copy number | Koha item type |
|---|---|---|---|---|---|---|---|---|---|---|---|---|---|---|---|
| Dewey Decimal Classification | Not For Loan | Non-fiction | Central Library, University of Rajshahi | Central Library, University of Rajshahi | Reading Room | 19/05/1955 | Pak. American Commercial | 5.40 | 794.12 CAC 1951 | 24/01/2017 | C-1 | Books |